000
00282nam a22001337a 4500
003
SGT
020
_a
8171323022
082
_a
371.39,DAS
100
_a
DASGUPTA D.N
245
_a
PRACTICE TEACHING
260
_a
JAIPUR
_b
POINTER PUBLISHARS
_c
2007
300
_a
173
942
_2
ddc
_c
BK
999
_c
34046
_d
34046